The Routledge companion to English language studies (Record no. 68327)

MARC details
000 -LEADER
fixed length control field 00726nam a2200229Ia 4500
008 - FIXED-LENGTH DATA ELEMENTS--GENERAL INFORMATION
fixed length control field 191130s2010##################000#0#eng##
020 ## - INTERNATIONAL STANDARD BOOK NUMBER
ISBN 9780415403382
082 ## - DEWEY DECIMAL CLASSIFICATION NUMBER
Classification number 420.9 MAY
245 ## - TITLE STATEMENT
Title The Routledge companion to English language studies
Statement of responsibility, etc edited by Janet Maybin and Joan Swann
260 ## - PUBLICATION, DISTRIBUTION, ETC. (IMPRINT)
Place of publication New York
Name of publisher Routledge
Year of publication 2010
300 ## - PHYSICAL DESCRIPTION
Number of Pages xii, 324 p. : ill., maps ; 24 cm
500 ## - GENERAL NOTE
General note Includes bibliographical references and index
650 ## - SUBJECT ADDED ENTRY--TOPICAL TERM
Topical Term English language - History
Topical Term English language - Study and teaching
700 ## - ADDED ENTRY--PERSONAL NAME
Personal name Maybin, Janet
Personal name Swann, Joan
991 ## -
-- 385608
Holdings
Withdrawn status Lost status Damaged status Not for loan Home library Current library Date acquired Full call number Accession Number Price effective from Koha item type
        Anna Centenary Library Anna Centenary Library 09.10.2020 420.9 MAY 100759 09.10.2020 English Books

Find us on the map